Ofiary masakry kopalni ,,Wujek" - nagła śmierć - Statystyki

Ogólne statystyki
  • Ten quiz został rozwiązany 18 razy
  • Średni wynik to 4 z 9
Answers on the Grid
Answers color-coded by a green-red scale on the quiz's grid according to % correct below.
Jan Stawisiński
Joachim Gnida
Józef Czekalski
Józef Giza
Ryszard Gzik
Bogusław Kopczak
Andrzej Pełka
Zbigniew Wilk
Zenon Zając
Zbigniew Godlewski
Janek Wiśniewski
Józef Cyrankiewicz
Lech Wałęsa
Stanisław Kociołek
Zenon Kliszko
 
Statystyki odpowiedzi
Odpowiedź % Poprawnych
Joachim Gnida
64%
Józef Giza
50%
Zbigniew Wilk
50%
Zenon Zając
50%
Bogusław Kopczak
43%
Józef Czekalski
43%
Ryszard Gzik
43%
Andrzej Pełka
29%
Jan Stawisiński
21%
Nie znaleziono quizów pasujących do podanych kryteriów
Rozkład punktacji
Procent ludzi z każdym wynikiem
Percentyl według liczby udzielonych odpowiedzi
Twoja historia wyników
Nie rozwiązałeś tego quizu